Statistics for Största Länder Efter Yta

Click here to take the quiz!

General Stats

  • This quiz has been taken 412 times
  • The average score is 17 of 24

Answer Stats

YtaLand% Correct
17,098,242Ryssland
100%
9,525,067Förenta Staterna
98%
9,596,961Kina
97%
9,984,670Kanada
96%
8,515,767Brasilien
94%
3,287,263Indien
92%
7,692,024Australien
91%
2,780,400Argentina
88%
1,964,375Mexico
78%
1,564,110Mongoliet
76%
2,724,900Kazakhstan
75%
2,381,741Algeriet
73%
1,221,037Sydafrika
69%
2,149,690Saudiarabien
68%
1,648,195Iran
67%
2,344,858Kongo-Kinshasa
65%
1,910,931Indonesien
57%
1,759,540Libyen
55%
1,267,000Niger
54%
1,861,484Sudan
54%
1,240,192Mali
40%
1,246,700Angola
35%
1,285,216Peru
35%
1,284,000Tchad
34%

Score Distribution

Percentile by Number Answered

Percent of People with Each Score

Your Score History

You have not taken this quiz